[Event "TUR-chT 2nd League"]
[Site "Denizli"]
[Date "2023.07.14"]
[Round "8.63"]
[White "Celik, Musa"]
[Black "Tofan, Ibrahim"]
[Result "1/2-1/2"]
[WhiteElo "1688"]
[BlackElo "2050"]
[PlyCount "63"]
[EventDate "2023.07.09"]
[EventType "team-swiss"]
[EventRounds "9"]
[EventCountry "TUR"]
[SourceTitle "CBM 215 Extra"]
[Source "ChessBase"]
[SourceDate "2023.09.30"]
[SourceVersion "1"]
[SourceVersionDate "2023.09.30"]
[SourceQuality "1"]
[WhiteTeam "Celik"]
[BlackTeam "Nida"]
[WhiteTeamCountry "TUR"]
[BlackTeamCountry "TUR"]

1. e4 d5 2. exd5 Nf6 3. c4 c6 4. d4 cxd5 5. Nc3 Nc6 6. Nf3 e6 7. Bg5 Be7 8. Be2 0-0 9. 0-0 dxc4 10. Bxc4 b6 11. Re1 Na5 12. Bd3 Bb7 13. Ne5 g6 14. Bh6 Qxd4 15. Bxf8 Rxf8 16. Be4 Qxe5 17. Bxb7 Qg5 18. Bf3 Nc4 19. Qe2 Nd6 20. Rad1 Nf5 21. g3 h5 22. Qd2 Qxd2 23. Rxd2 Bb4 24. Red1 Be7 25. Nb5 a5 26. Nd4 Nxd4 27. Rxd4 Rc8 28. R4d2 Kg7 29. h4 b5 30. a3 Rc5 31. Kg2 Rc7 32. Re2 1/2-1/2

[Event "TUR-chT 2nd League"]
[Site "Denizli"]
[Date "2023.07.12"]
[Round "5.83"]
[White "Tofan, Ibrahim"]
[Black "Manas, Eren"]
[Result "0-1"]
[WhiteElo "2050"]
[BlackElo "1602"]
[PlyCount "41"]
[EventDate "2023.07.09"]
[EventType "team-swiss"]
[EventRounds "9"]
[EventCountry "TUR"]
[SourceTitle "CBM 215 Extra"]
[Source "ChessBase"]
[SourceDate "2023.09.30"]
[SourceVersion "1"]
[SourceVersionDate "2023.09.30"]
[SourceQuality "1"]
[WhiteTeam "Nida"]
[BlackTeam "Pamukkale Yonetimi"]
[WhiteTeamCountry "TUR"]
[BlackTeamCountry "TUR"]

1. e4 c5 2. b3 Nc6 3. Bb2 e5 4. Bc4 d6 5. Ne2 Nf6 6. Nbc3 g6 7. 0-0 Bg7 8. d3 0-0 9. Bc1 h6 10. Be3 Kh7 11. Qd2 Be6 12. f4 exf4 13. Nxf4 Ng4 14. Nxe6 fxe6 15. Rxf8 Qxf8 16. Rf1 Nxe3 17. Rxf8 Rxf8 18. h3 Bd4 19. Kh1 Rf1+ 20. Kh2 Ra1 21. Qd1 0-1

[Event "TUR-chT 2nd League"]
[Site "Konya"]
[Date "2022.08.26"]
[Round "7.4"]
[White "Gazioglu, Halit"]
[Black "Tofan, Ibrahim"]
[Result "1/2-1/2"]
[WhiteElo "1846"]
[BlackElo "2021"]
[PlyCount "119"]
[EventDate "2022.08.22"]
[EventType "team-swiss"]
[EventRounds "9"]
[EventCountry "TUR"]
[SourceTitle "CBM 210 Extra"]
[Source "ChessBase"]
[SourceDate "2022.11.30"]
[SourceVersion "1"]
[SourceVersionDate "2022.11.30"]
[SourceQuality "1"]
[WhiteTeam "Gaziantep Sader"]
[BlackTeam "Bursa Nida"]
[WhiteTeamCountry "TUR"]
[BlackTeamCountry "TUR"]

1. d4 e6 2. a3 c5 3. dxc5 Bxc5 4. Nf3 d5 5. b4 Be7 6. Bb2 Bf6 7. Qc1 Nd7 8. e3 Ne7 9. Bb5 0-0 10. Bxd7 Bxb2 11. Qxb2 Bxd7 12. 0-0 Rc8 13. Nbd2 Nf5 14. Rfd1 Ba4 15. Nb3 Nd6 16. Nc5 Qe8 17. Rac1 b6 18. Nb3 Nc4 19. Qa1 Qe7 20. Rd4 Rfd8 21. Rg4 e5 22. h4 h5 23. Rg3 f6 24. Qa2 Qf7 25. Rd1 Nd6 26. Nfd2 Nb5 27. Qb2 Qc7 28. Rc1 Nc3 29. Re1 Bb5 30. Nc5 Na4 31. Nxa4 Qxc2 32. Qxc2 Rxc2 33. f4 Bxa4 34. Nf3 e4 35. Nd4 Rcc8 36. b5 Rd7 37. f5 Rc4 38. Rb1 Bc2 39. Rb2 Bd1 40. Rh3 Rc3 41. Kf2 Rxa3 42. Rh1 Rd3 43. Rb1 Bc2 44. Rb2 Rd2+ 45. Kg3 Rc7 46. Rc1 Bd3 47. Rxc7 Rxb2 48. Ne6 Bxb5 49. Rxg7+ Kh8 50. Rf7 Bf1 51. Rf8+ Kh7 52. Rf7+ Kg8 53. Rxf6 d4 54. Rf8+ Kh7 55. Rf7+ Kg8 56. Rf8+ Kh7 57. Rf7+ Kg8 58. Rf8+ Kh7 59. Rf7+ Kg8 60. Rf8+ 1/2-1/2

[Event "Titled Tuesday intern op 25th Aug"]
[Site "Chess.com INT"]
[Date "2020.08.25"]
[Round "5"]
[White "Mazi, Leon"]
[Black "Tofan, Ibrahim"]
[Result "1-0"]
[WhiteElo "2354"]
[BlackElo "2078"]
[PlyCount "97"]
[EventDate "2020.08.25"]
[EventType "swiss (blitz)"]
[EventRounds "10"]
[EventCountry "USA"]
[SourceTitle "CBM 198 Extra"]
[Source "ChessBase"]
[SourceDate "2020.11.30"]
[SourceVersion "1"]
[SourceVersionDate "2020.11.30"]
[SourceQuality "1"]

1. e4 e6 2. d4 d5 3. exd5 exd5 4. Bd3 Bd6 5. Qf3 Nf6 6. h3 0-0 7. Ne2 Re8 8. Bg5 Be7 9. Nbc3 c6 10. 0-0 Ne4 11. Bxe7 Qxe7 12. Rfd1 Nd7 13. Nf4 Ndf6 14. Re1 Bd7 15. Nh5 Qb4 16. Nxf6+ Nxf6 17. Red1 b5 18. a3 Qd6 19. Re1 a5 20. Qg3 Qxg3 21. fxg3 Rxe1+ 22. Rxe1 b4 23. Na4 bxa3 24. bxa3 Rb8 25. g4 h6 26. Kf2 Kf8 27. Kf3 Ne8 28. Nc5 Bc8 29. Nb3 a4 30. Nc5 Rb2 31. Ra1 Nd6 32. Nxa4 Rb7 33. Nc5 Ra7 34. a4 Ra5 35. Rb1 Ke7 36. Rb8 Bd7 37. Ke3 Ra7 38. Kd2 g6 39. Kc3 f5 40. gxf5 gxf5 41. Rh8 Ne4+ 42. Bxe4 dxe4 43. Rxh6 e3 44. Kd3 f4 45. Rh7+ Kd6 46. Rxd7+ Rxd7 47. Nxd7 Kxd7 48. h4 Ke6 49. a5 1-0

[Event "Titled Tuesday intern op 25th Aug"]
[Site "Chess.com INT"]
[Date "2020.08.25"]
[Round "4"]
[White "Patrascu, Catalin Lucian"]
[Black "Tofan, Ibrahim"]
[Result "1-0"]
[WhiteElo "2320"]
[BlackElo "2078"]
[PlyCount "49"]
[EventDate "2020.08.25"]
[EventType "swiss (blitz)"]
[EventRounds "10"]
[EventCountry "USA"]
[SourceTitle "CBM 198 Extra"]
[Source "ChessBase"]
[SourceDate "2020.11.30"]
[SourceVersion "1"]
[SourceVersionDate "2020.11.30"]
[SourceQuality "1"]

1. e4 e6 2. d4 d5 3. Bd3 c5 4. exd5 Qxd5 5. Nc3 Qxd4 6. Nf3 Qg4 7. Nb5 Na6 8. h3 Qxg2 9. Rh2 Qxh2 10. Nxh2 Bd7 11. Bf4 Nf6 12. Ng4 Nd5 13. Bg3 Be7 14. Ne5 Bc8 15. Qf3 0-0 16. 0-0-0 Nab4 17. Bc4 a6 18. Nc3 Nf6 19. Rg1 Ra7 20. a3 b5 21. axb4 bxc4 22. Nc6 Rd7 23. Nxe7+ Rxe7 24. Qxf6 gxf6 25. Be5+ 1-0

[Event "Titled Tuesday intern op 25th Aug"]
[Site "Chess.com INT"]
[Date "2020.08.25"]
[Round "3"]
[White "Tofan, Ibrahim"]
[Black "Baskin, Robert"]
[Result "0-1"]
[WhiteElo "2078"]
[BlackElo "2390"]
[PlyCount "76"]
[EventDate "2020.08.25"]
[EventType "swiss (blitz)"]
[EventRounds "10"]
[EventCountry "USA"]
[SourceTitle "CBM 198 Extra"]
[Source "ChessBase"]
[SourceDate "2020.11.30"]
[SourceVersion "1"]
[SourceVersionDate "2020.11.30"]
[SourceQuality "1"]

1. e4 e5 2. Nf3 Nc6 3. d4 exd4 4. Nxd4 Nf6 5. Nxc6 bxc6 6. Bd3 d5 7. e5 Ng4 8. 0-0 Bc5 9. Qe2 Qe7 10. Bf4 g5 11. Bd2 0-0 12. Bc3 d4 13. b4 Bb6 14. Qe4 f5 15. exf6 Qxe4 16. Bxe4 dxc3 17. Bxc6 Rb8 18. Bd5+ Kh8 19. f7 Ba6 20. h3 Bxf1 21. hxg4 Ba6 22. Na3 Bb7 23. Bb3 Kg7 24. Re1 Rxf7 25. Bxf7 Kxf7 26. Nc4 Bd5 27. Ne5+ Kg7 28. Nd7 Rd8 29. Re7+ Kg6 30. a4 Bd4 31. Kf1 Bb3 32. g3 Bxc2 33. f4 Bd3+ 34. Ke1 c2 35. f5+ Kh6 36. Kd2 Bb2 37. Kxd3 c1Q 38. Ke4 Qe1+ 0-1

[Event "Titled Tuesday intern op 25th Aug"]
[Site "Chess.com INT"]
[Date "2020.08.25"]
[Round "8"]
[White "Yi, Danny"]
[Black "Tofan, Ibrahim"]
[Result "1-0"]
[WhiteElo "2266"]
[BlackElo "2078"]
[PlyCount "53"]
[EventDate "2020.08.25"]
[EventType "swiss (blitz)"]
[EventRounds "10"]
[EventCountry "USA"]
[SourceTitle "CBM 198 Extra"]
[Source "ChessBase"]
[SourceDate "2020.11.30"]
[SourceVersion "1"]
[SourceVersionDate "2020.11.30"]
[SourceQuality "1"]

1. e4 e6 2. c4 d5 3. cxd5 exd5 4. Qb3 Nf6 5. e5 Ne4 6. Nc3 Nxc3 7. bxc3 Be7 8. d4 0-0 9. Bd3 c5 10. Qc2 h6 11. Nf3 Nc6 12. 0-0 Bg4 13. Be3 Bxf3 14. gxf3 Rc8 15. Bf5 Rc7 16. Qd2 Na5 17. Bxh6 Rc6 18. Bxg7 Kxg7 19. Kh1 Rh8 20. Rg1+ Kf8 21. Rg2 Rch6 22. Rag1 Bg5 23. f4 Nc4 24. Qc1 Bh4 25. Bd3 Qd7 26. f5 Qe7 27. Qxh6+ 1-0

[Event "Titled Tuesday intern op 18th Aug"]
[Site "Chess.com INT"]
[Date "2020.08.18"]
[Round "4"]
[White "Arakhamia Grant, Ketevan"]
[Black "Tofan, Ibrahim"]
[Result "1-0"]
[WhiteElo "2380"]
[BlackElo "2078"]
[PlyCount "111"]
[EventDate "2020.08.18"]
[EventType "swiss (blitz)"]
[EventRounds "10"]
[EventCountry "USA"]
[SourceTitle "CBM 197 Extra"]
[Source "ChessBase"]
[SourceDate "2020.09.30"]
[SourceVersion "1"]
[SourceVersionDate "2020.09.30"]
[SourceQuality "1"]

1. e4 e6 2. d4 d5 3. Nc3 Bb4 4. e5 c5 5. a3 Bxc3+ 6. bxc3 Qc7 7. Nf3 Ne7 8. a4 Nbc6 9. h4 0-0 10. Bd3 h6 11. 0-0 c4 12. Be2 f6 13. exf6 Rxf6 14. Ba3 Ng6 15. Re1 Bd7 16. g3 Re8 17. h5 Nge7 18. Bf1 Nf5 19. Bg2 Nd6 20. Ne5 Nf7 21. Ng6 Kh7 22. Qd2 e5 23. Bxd5 Be6 24. Bxe6 Rfxe6 25. Nf8+ Rxf8 26. Bxf8 Ng5 27. Qe2 exd4 28. Qxc4 Rxe1+ 29. Rxe1 Nf3+ 30. Kg2 Nxe1+ 31. Kf1 Nf3 32. Qd3+ Kg8 33. Qxf3 Qf7 34. Qxf7+ Kxf7 35. Bc5 dxc3 36. Ke2 b6 37. Bd6 Ke6 38. Bf8 Kf7 39. Ba3 Ne5 40. Bb4 Ng4 41. Bxc3 Nf6 42. Bxf6 Kxf6 43. Kf3 Kg5 44. g4 Kh4 45. Kf4 a6 46. Kf5 b5 47. axb5 axb5 48. c3 Kh3 49. f4 Kh4 50. Kg6 Kxg4 51. f5 Kf4 52. Kxg7 Kxf5 53. Kxh6 Kf6 54. Kh7 Kf7 55. h6 Kf8 56. Kg6 1-0

[Event "Titled Tuesday intern op 11th Aug"]
[Site "Chess.com INT"]
[Date "2020.08.11"]
[Round "9"]
[White "Golubovskis, Maksims"]
[Black "Tofan, Ibrahim"]
[Result "1-0"]
[WhiteElo "2234"]
[BlackElo "2078"]
[PlyCount "83"]
[EventDate "2020.08.11"]
[EventType "swiss (blitz)"]
[EventRounds "10"]
[EventCountry "USA"]
[SourceTitle "CBM 197 Extra"]
[Source "ChessBase"]
[SourceDate "2020.09.30"]
[SourceVersion "1"]
[SourceVersionDate "2020.09.30"]
[SourceQuality "1"]

1. e4 e5 2. Nf3 Nf6 3. Nxe5 d6 4. Nf3 Nxe4 5. d4 Be7 6. Bd3 Nf6 7. 0-0 0-0 8. Bf4 Bg4 9. h3 Bh5 10. c4 Nbd7 11. d5 Re8 12. Nc3 Bg6 13. Re1 Nc5 14. Bc2 Qd7 15. b4 Na6 16. Rb1 c5 17. dxc6 bxc6 18. Nd4 c5 19. bxc5 dxc5 20. Bxg6 cxd4 21. Be4 dxc3 22. Qxd7 Nxd7 23. Bxa8 c2 24. Rbc1 Nb4 25. Be4 Bc5 26. Bxh7+ Kxh7 27. Rxe8 Nd3 28. Rxc2 Nxf4 29. Rd8 Ne5 30. Kh2 Ne6 31. Re8 Bd6 32. g3 Nd4 33. c5 Bc7 34. Rb2 Nd3 35. Rb7 Nf3+ 36. Kg2 Nfe1+ 37. Rxe1 Nxe1+ 38. Kf1 Ba5 39. c6 Nd3 40. c7 Bxc7 41. Rxc7 Nb4 42. a3 1-0

[Event "Titled Tuesday intern op 11th Aug"]
[Site "Chess.com INT"]
[Date "2020.08.11"]
[Round "2"]
[White "Skatchkov, Valery"]
[Black "Tofan, Ibrahim"]
[Result "1-0"]
[WhiteElo "2242"]
[BlackElo "2078"]
[PlyCount "49"]
[EventDate "2020.08.11"]
[EventType "swiss (blitz)"]
[EventRounds "10"]
[EventCountry "USA"]
[SourceTitle "CBM 197 Extra"]
[Source "ChessBase"]
[SourceDate "2020.09.30"]
[SourceVersion "1"]
[SourceVersionDate "2020.09.30"]
[SourceQuality "1"]

1. d4 d5 2. c4 c6 3. Nf3 Nf6 4. e3 Bf5 5. Nc3 e6 6. Nh4 Bg6 7. Nxg6 hxg6 8. Bd3 Nbd7 9. Qc2 Bd6 10. h3 Qe7 11. Bd2 0-0 12. 0-0 dxc4 13. Bxc4 e5 14. Qxg6 exd4 15. exd4 b5 16. Bb3 b4 17. Rae1 Kh8 18. Qf5 Qd8 19. Ne4 Nxe4 20. Rxe4 g6 21. Qf3 Qf6 22. Qg4 Qf5 23. Qxf5 gxf5 24. Rh4+ Kg7 25. Bh6+ 1-0

[Event "Titled Tuesday intern op 11th Aug"]
[Site "Chess.com INT"]
[Date "2020.08.11"]
[Round "1"]
[White "Spata, German"]
[Black "Tofan, Ibrahim"]
[Result "0-1"]
[WhiteElo "2257"]
[BlackElo "2078"]
[PlyCount "52"]
[EventDate "2020.08.11"]
[EventType "swiss (blitz)"]
[EventRounds "10"]
[EventCountry "USA"]
[SourceTitle "CBM 197 Extra"]
[Source "ChessBase"]
[SourceDate "2020.09.30"]
[SourceVersion "1"]
[SourceVersionDate "2020.09.30"]
[SourceQuality "1"]

1. d4 d5 2. Bf4 c6 3. e3 Bf5 4. c4 e6 5. Nc3 Nf6 6. Nf3 Nbd7 7. h3 Bb4 8. Qb3 Qa5 9. a3 Bxc3+ 10. bxc3 0-0 11. Be2 Ne4 12. Rc1 dxc4 13. Qxc4 Qxa3 14. 0-0 Nb6 15. Qb4 Qxb4 16. cxb4 Nd5 17. b5 Nxf4 18. exf4 cxb5 19. Rc7 b4 20. Rxb7 Rfb8 21. Ba6 Rxb7 22. Bxb7 Rb8 23. Ba6 Rb6 24. Rc1 Nc3 25. Bc4 Rc6 26. Ne5 Rxc4 0-1

[Event "Titled Tuesday intern op 11th Aug"]
[Site "Chess.com INT"]
[Date "2020.08.11"]
[Round "6"]
[White "Tofan, Ibrahim"]
[Black "Janaszak, Dawid"]
[Result "0-1"]
[WhiteElo "2078"]
[BlackElo "2356"]
[PlyCount "198"]
[EventDate "2020.08.11"]
[EventType "swiss (blitz)"]
[EventRounds "10"]
[EventCountry "USA"]
[SourceTitle "CBM 197 Extra"]
[Source "ChessBase"]
[SourceDate "2020.09.30"]
[SourceVersion "1"]
[SourceVersionDate "2020.09.30"]
[SourceQuality "1"]

1. e4 g6 2. g3 Bg7 3. Bg2 d6 4. Ne2 c5 5. 0-0 Nc6 6. c4 e6 7. Nbc3 Nge7 8. b3 Nd4 9. Bb2 Nec6 10. h3 0-0 11. Nxd4 Nxd4 12. d3 f5 13. Ne2 Nxe2+ 14. Qxe2 Bxb2 15. Qxb2 f4 16. Rfe1 e5 17. Qe2 Qg5 18. g4 h5 19. f3 Be6 20. Qf2 hxg4 21. hxg4 Kg7 22. Kf1 a5 23. a4 Rh8 24. Ke2 Rh4 25. Rh1 Rah8 26. Rxh4 Rxh4 27. Rh1 Rxh1 28. Bxh1 Qd8 29. Qh2 g5 30. Kd2 Bf7 31. Kc2 Qb6 32. Qd2 Qa7 33. Bg2 Qa8 34. Bf1 Qd8 35. Qh2 Bg6 36. Qd2 Qb6 37. Be2 Qa7 38. Bd1 Qa8 39. Qh2 Qd8 40. Qd2 Bf7 41. Qh2 Qb6 42. Qd2 Be6 43. Be2 Qd8 44. Bd1 b6 45. Qh2 Bf7 46. Be2 Qe8 47. Bf1 Be6 48. Be2 Qd7 49. Bd1 Qe7 50. Kb2 Bd7 51. Qh5 Be8 52. Qh2 Bg6 53. Be2 Qd8 54. Bf1 Qg8 55. Be2 Be8 56. Bf1 Qe6 57. Be2 Bg6 58. Bd1 Qc8 59. Qh1 d5 60. cxd5 c4 61. dxc4 Qc5 62. Qe1 Qd4+ 63. Ka2 Be8 64. Qe2 Kf6 65. Bc2 Ke7 66. Qd3 Qf2 67. Ka3 Kd6 68. Kb2 Bd7 69. Qd1 Be8 70. Qh1 Kc5 71. Qh6 Qd4+ 72. Ka2 Kb4 73. Qxg5 Kc3 74. Qh4 Kxc2 75. Qh2+ Kc3 76. Qb2+ Kd3 77. g5 Ke3 78. Qc1+ Kxf3 79. Qh1+ Kg3 80. Qe1+ Qf2+ 81. Qxf2+ Kxf2 82. d6 Ke3 83. g6 Bxg6 84. d7 f3 85. d8Q f2 86. Qxb6+ Ke2 87. Qxg6 f1Q 88. Qf5 Qg2 89. Qxe5 Kd3+ 90. Qb2 Qg8 91. e5 Qe8 92. Qb1+ Kc3 93. Qc1+ Kd3 94. Qd1+ Kc3 95. Qe1+ Kc2 96. e6 Qb8 97. Qe2+ Kc1 98. Qe3+ Kc2 99. Qe2+ Kc1 0-1

[Event "Titled Tuesday intern op 21st July"]
[Site "Chess.com INT"]
[Date "2020.07.21"]
[Round "4"]
[White "Safin, Robert"]
[Black "Tofan, Ibrahim"]
[Result "0-1"]
[WhiteElo "2287"]
[BlackElo "2078"]
[PlyCount "68"]
[EventDate "2020.07.21"]
[EventType "swiss (blitz)"]
[EventRounds "10"]
[EventCountry "USA"]
[SourceTitle "CBM 197 Extra"]
[Source "ChessBase"]
[SourceDate "2020.09.30"]
[SourceVersion "1"]
[SourceVersionDate "2020.09.30"]
[SourceQuality "1"]

1. d4 d5 2. c4 c6 3. cxd5 cxd5 4. Bg5 Nc6 5. Nc3 h6 6. Bh4 Nf6 7. Bxf6 gxf6 8. e3 e6 9. g3 h5 10. h4 Qb6 11. Qd2 Bd7 12. Bg2 Na5 13. b3 Bb4 14. Nge2 Bb5 15. Rc1 Bxe2 16. Kxe2 Rc8 17. Qd3 0-0 18. Bf3 Rc6 19. Na4 Qc7 20. Rxc6 Qxc6 21. Bxh5 Rc8 22. Nc5 b6 23. Bxf7+ Kxf7 24. Qh7+ Ke8 25. Qh8+ Ke7 26. Qh7+ Kd6 27. Nd3 Qc2+ 28. Kf3 Rc3 29. Qg8 Qxd3 30. Qd8+ Kc6 31. Qc8+ Kd6 32. Qe8 Qe4+ 33. Ke2 Rc2+ 34. Kd1 Qd3# 0-1

[Event "Titled Tuesday intern op 21st July"]
[Site "Chess.com INT"]
[Date "2020.07.21"]
[Round "6"]
[White "Tofan, Ibrahim"]
[Black "Do Nascimento, Christian Almeida"]
[Result "0-1"]
[WhiteElo "2078"]
[BlackElo "2034"]
[PlyCount "72"]
[EventDate "2020.07.21"]
[EventType "swiss (blitz)"]
[EventRounds "10"]
[EventCountry "USA"]
[SourceTitle "CBM 197 Extra"]
[Source "ChessBase"]
[SourceDate "2020.09.30"]
[SourceVersion "1"]
[SourceVersionDate "2020.09.30"]
[SourceQuality "1"]

1. e4 c5 2. b3 Nc6 3. Bb2 d6 4. Nc3 Nf6 5. g3 g6 6. Bg2 Bg7 7. Nge2 0-0 8. f4 e6 9. 0-0 a6 10. a4 d5 11. e5 Ne8 12. d4 cxd4 13. Nxd4 Qb6 14. Nce2 Bd7 15. Kh1 Rc8 16. Ba3 f6 17. Nxc6 Bxc6 18. Nd4 fxe5 19. Bxf8 exd4 20. a5 Qa7 21. Bxg7 Nxg7 22. Re1 Bd7 23. Qd2 Qc5 24. Rad1 Nf5 25. Bh3 Ne3 26. Rc1 Qc3 27. Qd3 Kf7 28. g4 Nxc2 29. Qxc3 Rxc3 30. Rf1 Ne3 31. Rfe1 Rxc1 32. Rxc1 d3 33. f5 d2 34. fxg6+ hxg6 35. Rb1 d1Q+ 36. Rxd1 Nxd1 0-1

[Event "Titled Tuesday intern op 21st July"]
[Site "Chess.com INT"]
[Date "2020.07.21"]
[Round "3"]
[White "Tofan, Ibrahim"]
[Black "Goltseva, Ekaterina"]
[Result "1/2-1/2"]
[WhiteElo "2078"]
[BlackElo "2306"]
[PlyCount "102"]
[EventDate "2020.07.21"]
[EventType "swiss (blitz)"]
[EventRounds "10"]
[EventCountry "USA"]
[SourceTitle "CBM 197 Extra"]
[Source "ChessBase"]
[SourceDate "2020.09.30"]
[SourceVersion "1"]
[SourceVersionDate "2020.09.30"]
[SourceQuality "1"]

1. e4 e5 2. Nf3 Nc6 3. d4 exd4 4. Nxd4 Bb4+ 5. c3 Bc5 6. Be3 Bb6 7. Nd2 Nf6 8. Be2 0-0 9. Bf3 d5 10. 0-0 Nxd4 11. Bxd4 Bxd4 12. cxd4 dxe4 13. Nxe4 Nd5 14. Qb3 c6 15. Rfe1 b6 16. Rac1 Bb7 17. Nc3 Nf4 18. Rcd1 Qg5 19. g3 Rad8 20. h4 Qg6 21. Be4 Qg4 22. Kh2 Ne6 23. Bg2 Nxd4 24. Qa4 Nf3+ 25. Bxf3 Qxf3 26. Qf4 Qxf4 27. gxf4 Bc8 28. Re7 Rxd1 29. Nxd1 Rd8 30. Ne3 Bd7 31. Re5 f6 32. Re4 Kf7 33. Ra4 a5 34. Rd4 Ke7 35. Nc4 Rb8 36. Re4+ Kf8 37. Re3 a4 38. b3 b5 39. Nd6 axb3 40. axb3 Rd8 41. Nb7 Rb8 42. Nc5 Bc8 43. h5 h6 44. Rd3 Ke7 45. b4 Ra8 46. Re3+ Kd6 47. Rd3+ Kc7 48. Re3 Kd8 49. Rd3+ Ke7 50. Re3+ Kd8 51. Rd3+ Ke7 1/2-1/2

[Event "TUR-chT 2nd League"]
[Site "Konya"]
[Date "2019.07.25"]
[Round "5.5"]
[White "Tofan, Ibrahim"]
[Black "Kilicbay, Mustafa"]
[Result "0-1"]
[WhiteElo "2043"]
[BlackElo "1895"]
[PlyCount "55"]
[EventDate "2019.07.22"]
[EventType "team-swiss"]
[EventRounds "9"]
[EventCountry "TUR"]
[SourceTitle "CBM 191 Extra"]
[Source "ChessBase"]
[SourceDate "2019.09.30"]
[SourceVersion "1"]
[SourceVersionDate "2019.09.30"]
[SourceQuality "1"]
[WhiteTeam "Bursa Nida"]
[BlackTeam "Istanbul Sisli"]
[WhiteTeamCountry "TUR"]
[BlackTeamCountry "TUR"]

1. c4 e5 2. Nc3 d6 3. g3 g6 4. Bg2 Bg7 5. e3 Ne7 6. Nge2 0-0 7. d4 Nd7 8. 0-0 f5 9. b4 a5 10. c5 axb4 11. cxd6 bxc3 12. dxe7 Qxe7 13. Qb3+ Kh8 14. a4 Re8 15. Ba3 Qe6 16. Bd5 Qb6 17. Qc2 exd4 18. Nxd4 c5 19. Nb5 Qa5 20. Nd6 Rf8 21. Nf7+ Rxf7 22. Bxf7 Qxa4 23. Bb3 Qa5 24. Bd5 Nb6 25. Bf3 Nc4 26. Be2 Be6 27. Bb2 Qxa1 28. Bxa1 0-1

[Event "TUR-chT 2nd League"]
[Site "Konya"]
[Date "2019.07.23"]
[Round "2.1"]
[White "Isik, Alparslan"]
[Black "Tofan, Ibrahim"]
[Result "0-1"]
[WhiteElo "2293"]
[BlackElo "2043"]
[PlyCount "50"]
[EventDate "2019.07.22"]
[EventType "team-swiss"]
[EventRounds "9"]
[EventCountry "TUR"]
[SourceTitle "CBM 191 Extra"]
[Source "ChessBase"]
[SourceDate "2019.09.30"]
[SourceVersion "1"]
[SourceVersionDate "2019.09.30"]
[SourceQuality "1"]
[WhiteTeam "Apaydin Satranc Spor"]
[BlackTeam "Bursa Nida"]
[WhiteTeamCountry "TUR"]
[BlackTeamCountry "TUR"]

1. d4 Nf6 2. c4 e6 3. Nf3 d5 4. Nc3 Bb4 5. Qb3 c5 6. dxc5 Nc6 7. cxd5 exd5 8. Bg5 Be6 9. 0-0-0 Qa5 10. Bxf6 gxf6 11. Nxd5 0-0-0 12. e4 f5 13. Ng5 Qxc5+ 14. Kb1 fxe4 15. Nxe6 fxe6 16. Rc1 Qxd5 17. Qxb4 Kb8 18. Qe1 Rhf8 19. Bc4 Qd4 20. Rc2 Rf6 21. Qe2 Nb4 22. Rc3 Rxf2 23. Qg4 Qd2 24. Rb3 Rxg2 25. Qh5 Qc2+ 0-1

[Event "TUR-chT"]
[Site "Ankara"]
[Date "2018.07.28"]
[Round "4.3"]
[White "Soysal, Serkan"]
[Black "Tofan, Ibrahim"]
[Result "1-0"]
[WhiteElo "2406"]
[BlackElo "2169"]
[PlyCount "93"]
[EventDate "2018.07.25"]
[EventType "team-tourn"]
[EventRounds "13"]
[EventCountry "TUR"]
[SourceTitle "CBM 185 Extra"]
[Source "ChessBase"]
[SourceDate "2018.07.29"]
[SourceVersion "1"]
[SourceVersionDate "2018.07.29"]
[SourceQuality "1"]
[WhiteTeam "Kahramanmaras Buyuksehir"]
[BlackTeam "Karaman Belediye"]
[WhiteTeamCountry "TUR"]
[BlackTeamCountry "TUR"]

1. Nf3 Nf6 2. c4 c5 3. Nc3 Nc6 4. e3 e6 5. d4 d5 6. a3 dxc4 7. Bxc4 a6 8. 0-0 Be7 9. dxc5 Qxd1 10. Rxd1 Bxc5 11. b4 Be7 12. Bb2 0-0 13. Be2 b5 14. Nd2 Bb7 15. Nb3 Rac8 16. Rac1 Rfd8 17. Rxd8+ Nxd8 18. Na5 Ba8 19. Na2 Rxc1+ 20. Nxc1 Nd7 21. Nd3 f6 22. Bc3 Bd5 23. f3 e5 24. e4 Be6 25. Nb2 Nb8 26. Bd2 Bd6 27. Nd3 Bc7 28. Nc5 Bb6 29. Kf1 Bxc5 30. bxc5 Nbc6 31. Kf2 Nxa5 32. Bxa5 Nc6 33. Bc3 Kf7 34. Ke3 Bb3 35. f4 Ke7 36. g3 Ba4 37. h4 h6 38. g4 Bc2 39. g5 Bb3 40. gxh6 gxh6 41. h5 Bc2 42. fxe5 fxe5 43. Be1 Nd4 44. Bh4+ Kf7 45. Bg4 Bb3 46. Bc8 a5 47. Bb7 1-0

[Event "Wch Seniors 50 27th"]
[Site "Acqui Terme"]
[Date "2017.11.10"]
[Round "4"]
[White "Tofan, Ibrahim"]
[Black "Certek, Pavel"]
[Result "0-1"]
[WhiteElo "2235"]
[BlackElo "2295"]
[PlyCount "121"]
[EventDate "2017.11.07"]
[EventType "swiss"]
[EventRounds "11"]
[EventCountry "ITA"]
[SourceTitle "CBM 181 Extra"]
[Source "ChessBase"]
[SourceDate "2017.12.12"]
[SourceVersion "1"]
[SourceVersionDate "2017.12.12"]
[SourceQuality "1"]

1. e4 c5 2. b3 g6 3. Bb2 Nf6 4. g3 Bg7 5. Bg2 d6 6. Ne2 Nc6 7. 0-0 Bd7 8. d4 cxd4 9. Nxd4 0-0 10. c4 Nxd4 11. Bxd4 Bc6 12. Nc3 Qa5 13. Nd5 Bxd5 14. exd5 Nd7 15. Bxg7 Kxg7 16. Re1 Rfe8 17. Qd4+ Nf6 18. Re2 b5 19. cxb5 Qxb5 20. Rae1 Qb6 21. Qf4 Ng8 22. h4 a5 23. h5 Qb4 24. Re4 Qc3 25. R1e3 Qb2 26. Re2 Qc3 27. Re1 Qb2 28. R4e2 Qc3 29. Bh3 Ra7 30. Rc1 Qf6 31. Qe3 Rb7 32. Rc4 Rb4 33. Bd7 Reb8 34. Rc7 R8b7 35. Rxb7 Rxb7 36. Bc6 Rb4 37. Kg2 Qd4 38. a3 Qxe3 39. Rxe3 Rb6 40. hxg6 hxg6 41. Rc3 e6 42. Kf3 Ne7 43. Ke4 f5+ 44. Kd4 e5+ 45. Kd3 Kf6 46. f4 g5 47. Ke3 Rb8 48. Kf3 gxf4 49. gxf4 Rc8 50. Rc4 Ng6 51. b4 axb4 52. Rxb4 Nxf4 53. a4 Rh8 54. a5 Rh3+ 55. Kf2 Ra3 56. Ra4 Rxa4 57. Bxa4 Nxd5 58. a6 Nc7 59. a7 e4 60. Ke2 Ke5 61. Kd2 0-1